000 01244cam a22003131 4500
001 gs 63000185
003 DLC
005 20260227111412.0
008 761015s1962 dcuabd b f000 0 eng
010 _ags 63000185
035 _a(OCoLC)2505815
040 _aDLC
_cOClU
_dISS
_dOCoLC
_dDLC
042 _apremarc
050 0 0 _aQE75
_b.P9 no. 362
051 _aTN490.M3
_bP35
_cCopy 2.
086 0 _aI 19.16:362
100 1 _aPavlides, Louis,
_d1921-
245 1 0 _aGeology and manganese deposits of the Maple and Hovey Mountains area, Aroostook County, Maine. With a section on Lithology and mineralogy of the deposits,
_cby Louis Pavlides and Charles Milton.
260 _aWashington,
_bU.S. Govt. Print. Off.,
_c1962.
300 _a116 p.
_billus., maps (part col.) diagrs., tables.
_c29 cm.
410 2 0 _aGeological Survey (U.S.).
_tProfessional paper
_v362
500 _aPart of illustrative matter fold in pocket.
504 _aBibliography: p. 112-114.
650 0 _aManganese ores
_zMaine
_zAroostook County.
650 0 _aGeology
_zMaine
_zAroostook County.
700 1 _aMilton, Charles,
_d1896-
740 0 _aMaple and Hovey Mountains area, Aroostook County, Maine.
740 0 _aHovey Mountains area, Aroostook County, Maine.
999 _c29694
_d29694